000 01132cam a2200301 a 4500
999 _c127716
_d127716
001 13632014
003 ARRUPE
005 20180320120217.0
008 040123s2003 mz a b 000 0 por
010 _a 2003408667
035 _a(DLC) 2003408667
040 _aDLC
_cDLC
_dDLC
041 0 _apor
_abnt
042 _alcode
050 0 0 _aPN6519.S35
_bP36 2003
082 0 0 _a398.9/96391
_222
100 1 _aPampalk, Josef.
_940792
245 1 0 _aNzerumbawiri :
_bprovérbios Sena : dinamizar o desenvolvimento comunitário valorizando a literatura oral /
_cJosé Pampalk.
260 _aMaputo, Moçambique :
_bPaulinas,
_c2003.
300 _axvi, 160 p. :
_c21 cm.
504 _aIncludes bibliographical references (p. 129-138).
546 _aPortuguese and Sena.
650 0 _aProverbs, Sena.
_940793
650 0 _aProverbs, Sena
_vTranslations into Portuguese.
_940794
906 _a7
_bcbc
_corigode
_d3
_encip
_f20
_gy-gencatlg
942 _2lcc
_cMONOGRAPH